000 00683nam a22001457a 4500
008 150424b xxu||||| |||| 00| 0 eng d
020 _a9800776079
082 _a708
_bA 992e
100 _aAzcarate, Emilia (autor), Aquilina de Azcarate,Ana (curadora), Wilson, Adolfo (curador)
_92468
245 _aEmilia Azcarate
_cAzcarate, Emilia (autor), Aquilina de Azcarate,Ana (curadora), Wilson, Adolfo (curador)
260 _aValencia EspaƱa
_bColbert Consultores de Arte
_c2001
300 _a91 p.
_bill. (col)
_c22 cm
650 _xAzcarate, Emilia
_xExhibiciones
_xArte Moderno
_xS. 20
_92469
700 _aEmilia Azcarate, (autor), Ana Aquilina de Azcarate (curadora), Adolfo Wilson (curador)
_92470
999 _c537
_d537